Animaux Superprédateurs chez les mammifères - Statistiques

Statistiques générales
  • Ce quiz a été pris 3 451 fois
  • Le résultat moyen est 8 sur 15
Statistiques - réponses
Animaux % Correct
Lion
100%
Tigre
92%
Ours brun
73%
Ours kodiak
72%
Jaguar
71%
Loup
70%
Léopard des neiges
65%
Ours polaire
52%
Orque
51%
Puma
42%
Lynx
40%
Lycaon
14%
Loutre géante
7%
Diable de Tasmanie
6%
Dhole
2%
Aucun quiz correspondant
Distribution des résultats
% des personnes avec chaque résultat
Percentile par nombre de réponses
Votre historique - résultats
Vous n’avez pas pris ce quiz